Estadística de la administración de justicia en lo criminal durante el año ... en la península e islas adyacentes. (Record no. 190299)

MARC details
000 -LEADER
campo de control de longitud fija 00857nas a2200241 i 4500
001 - NÚMERO DE CONTROL
campo de control 190299
003 - IDENTIFICADOR DE NÚMERO DE CONTROL
campo de control ES-MaACL
005 - FECHA Y HORA DE LA ÚLTIMA TRANSACCIÓN
campo de control 20250217134937.0
008 - DATOS DE LONGITUD FIJA--INFORMACIÓN GENERAL
campo de control de longitud fija 201027d1860191usp | | ||pa d
022 ## - NÚMERO INTERNACIONAL NORMALIZADO PARA PUBLICACIONES SERIADAS
Número Internacional Normalizado para Publicaciones Seriadas 2484-9073
080 ## - NÚMERO DE LA CLASIFICACIÓN DECIMAL UNIVERSAL
Número de la Clasificación Decimal Universal 347.97/99(460)(083.41)
245 00 - MENCIÓN DEL TÍTULO
Título Estadística de la administración de justicia en lo criminal durante el año ... en la península e islas adyacentes.
260 ## - PUBLICACIÓN, DISTRIBUCIÓN, ETC.
Lugar de publicación, distribución, etc. Madrid :
Nombre del editor, distribuidor, etc. Ministerio de Gracia y Justicia,
Fecha de publicación, distribución, etc. 1860-[191?] (
Fabricante Imprenta Nacional)
300 ## - DESCRIPCIÓN FÍSICA
Extensión v. ;
Dimensiones 27 cm.
310 ## - PERIODICIDAD ACTUAL
Periodicidad actual Anual
362 0# - FECHAS DE PUBLICACIÓN Y/O DESIGNACIÓN SECUENCIAL
Fecha de publicación y/o designación secuencial 1859-[191?]
650 #4 - PUNTO DE ACCESO ADICIONAL DE MATERIA--TÉRMINO DE MATERIA
Término de materia o nombre geográfico como elemento de entrada Administración de justicia penal-
Subdivisión geográfica España-
Subdivisión de forma Estadísticas.
9 (RLIN) 170580
852 ## - LOCALIZACIÓN
Ubicación ES-MaACL
Número de control de estantería T-442-F-13
Nota libre .- Año 1883
852 ## - LOCALIZACIÓN
Ubicación ES-MaACL
Número de control de estantería 1537-F-13
Nota libre .- Año 1916
852 ## - LOCALIZACIÓN
Ubicación ES-MaACL
Número de control de estantería C-13333
Nota libre .- año 1918
866 #0 - MENCIÓN TEXTUAL DE FONDOS--UNIDAD BIBLIOGRÁFICA BÁSICA
Fondos 1883, 1916, 1918.
Holdings
Estatus retirado Estado de pérdida Estado de daño No para préstamo Colección Biblioteca de origen Biblioteca actual Ubicación en estantería Fecha de adquisición Fuente de adquisición Total de préstamos Signatura topográfica completa Código de barras Visto por última vez Precio de reemplazo Tipo de ítem Koha
        Periódicos y Revistas Biblioteca del Ateneo de Madrid Biblioteca del Ateneo de Madrid Sala Palomar 01/07/2005     C-13333 1202248 23/02/2023 23/02/2023 Revista
        Colección de folletos Biblioteca del Ateneo de Madrid Biblioteca del Ateneo de Madrid Depósito folletos 01/07/2005     T-442-F-13 1202246 23/02/2023 23/02/2023 Folleto
        Colección de folletos Biblioteca del Ateneo de Madrid Biblioteca del Ateneo de Madrid Depósito folletos 01/07/2005     1537-F-13 1202247 23/02/2023 23/02/2023 Folleto